000 00596nam a2200181 i 4500
001 99993
003 ES-MaACL
005 20250915063040.0
007 t|
008 050921s1973 sp ||||1| spa d
100 1 _aMartínez Val, José María,
_d1916-
_978455
245 1 0 _aNotas sobre la reforma del Código de Comercio /
_cpor José María Martínez Val.
260 _aValencia :
_b[s.n.],
_c1973 (
_fTip. P. Quiles)
300 _a6 h. ;
_c24 cm.
500 _aEs tirada aparte en "Revista General de Derecho", nº 346-47.
852 _aES-MaACL
_j2091-F-1
_bR.91173
999 _c99993
_d99993